[Event "Minsk ODM Team Cup U16"]
[Site "Minsk"]
[Date "2021.??.??"]
[Round "2.6"]
[White "Paharalchuk, Uliana"]
[Black "Liavonava, Yuliya"]
[Result "0-1"]
[WhiteElo "1103"]
[BlackElo "1351"]
[PlyCount "74"]
[EventDate "2021.03.01"]
[EventType "team-tourn"]
[EventRounds "7"]
[EventCountry "BLR"]
[SourceTitle "EXT 2022"]
[Source "ChessBase"]
[SourceDate "2021.10.06"]
[SourceVersion "1"]
[SourceVersionDate "2021.10.06"]
[SourceQuality "1"]
[WhiteTeam "Grodnensk Region"]
[BlackTeam "Gomelsk Region"]
[WhiteTeamCountry "BLR"]
[BlackTeamCountry "BLR"]

1. e4 c5 2. Nc3 e6 3. g3 d5 4. exd5 exd5 5. Bg2 Nf6 6. d4 cxd4 7. Qxd4 Nc6 8. Qd3 Be6 9. Bg5 Bb4 10. Nge2 d4 11. Bxc6+ bxc6 12. Nxd4 Qd5 13. Nf3 Bxc3+ 14. bxc3 Ne4 15. Bf4 Qxd3 16. cxd3 Nxc3 17. Be5 Nxa2 18. Bxg7 Rg8 19. Bd4 Bd5 20. Kd2 0-0-0 21. Ke2 Rge8+ 22. Be3 Nc3+ 23. Kd2 Nb5 24. Rhc1 Bxf3 25. Ra5 Kb7 26. Rca1 Rd5 27. Rb1 Red8 28. Rxa7+ Kb8 29. Ra3 Be4 30. Rbb3 Bxd3 31. Bf4+ Kb7 32. Rb2 Bf1+ 33. Ke3 f5 34. Rbb3 Bc4 35. Rb2 Rd3+ 36. Rxd3 Rxd3+ 37. Ke2 Rb3+ 0-1